| 000 | 01201nam a2200301 i 4500 | ||
|---|---|---|---|
| 003 | EG-GICUC | ||
| 005 | 20260422140638.0 | ||
| 008 | 260422s1907 fr ||||fr|||| 000 0 fre d | ||
| 040 |
_aEG-GiCUC _bfre _cEG-GiCUC _dEG-GiCUC _eRda |
||
| 082 | 0 | 4 |
_221 _a343.1 _bGA . P |
| 092 | 0 | 4 | _221 |
| 099 | _aLaw1 10 343.1 1907 GA . P | ||
| 100 | 1 |
_aGarraud, R. _eAuteur |
|
| 245 |
_aPrécis de droit criminel : _bcontenant l'explication élémentaire de la partie générale du Code pénal, du Code d'instruction criminelle et des lois qui ont modifié ces deux codes / _cPar R. Garraud, avocat à la Cour. |
||
| 250 | _aNeuvième édition | ||
| 264 |
_aParis : _b Librairie De La Société Du Recueil J.-b. Sirey, _c1907. |
||
| 300 |
_a1016page, pages non numérotées, pagination diverse ; _c 24 cm. _billustration ; |
||
| 336 |
_2rda contenu _a texte |
||
| 337 |
_2rda medias _aOrdinateur |
||
| 338 |
_2 transporteur rda _a Ressource en ligne |
||
| 504 | _aComprend des références bibliographiques. | ||
| 546 | _aTexte en français | ||
| 650 | 1 |
_aDroit Pénal _2qrmak |
|
| 651 | 1 | _2qrmak | |
| 856 | 4 | 0 | _uhttps://fll.law.cu.edu.eg/fulltext/bks/B10-10538.pdf |
| 905 | _a62 | ||
| 942 |
_2ddc _cBK _e21 _n0 |
||
| 999 |
_c72827 _d72827 |
||